000
00331nam a2200133Ia 4500
008
231017s9999 xx 000 0 und d
082
_a
388.11
082
_b
PIC
245
0
_a
Statewide Economic Benefits of Transport Investment - Apr 2007
245
0
_c
Todd Pickton
260
_b
Todd Pickton
300
_c
30cm
942
_c
REP
999
_c
604312
_d
604312